000 00510nam a2200193Ia 4500
005 20260429111942.0
008 260429s9999||||xx |||||||||||||| ||und||
020 _a9789370448872
041 _aEnglish
082 _a541.37
_bILY
100 _aIlyas, Shahla
245 0 _aElements of electrochemistry /
_cShahla Ilyas
260 _aNew Delhi :
_bAsia Publishers,
_c2025.
300 _ax, 260 p.; hb
650 _a Electrochemistry
650 _a Physical chemistry
650 _aChemistry
942 _cTB
999 _c51591
_d51591